| 000 | 00823nam a2200289Ia 4500 | ||
|---|---|---|---|
| 003 | OSt | ||
| 005 | 20221006142802.0 | ||
| 006 | a|||||r|||| 00| 0 | ||
| 007 | ta | ||
| 008 | 221006b |||||||| |||| 00| 0 eng d | ||
| 020 |
_c _18.75 (each) |
||
| 024 | _a7,197 | ||
| 037 | _cTextual | ||
| 040 |
_aEASL _cEASL _beng |
||
| 041 |
_2eng _aeng |
||
| 082 | _aY35:6.41.N3, L4 | ||
| 100 |
_aElvin Mark Ed. _9131073 |
||
| 245 | 0 | _aChinese city between two worlds | |
| 260 |
_aStanford _bStanford University Press _c1974 |
||
| 300 |
_a458p. _ccm. |
||
| 490 | _aStudies in Chinese society | ||
| 650 |
_a Treaty Ports _9648425 |
||
| 650 | _aCEL | ||
| 700 |
_a Skinner G. William Ed. _9133891 |
||
| 942 |
_hY35:6.41.N3, L4 _cTEXL _2CC |
||
| 999 |
_c1075283 _d1075283 |
||